000 00335nam a2200121Ia 4500
008 240624s9999 xx 000 0 und d
041 _aeng
082 _a658.5 MCK
100 _aMCKENNEY JAMES L
245 _aCASES IN OPERATIONS MANAGEMENT A SYSTEM
260 _c1969
_aNew York
_bJohn Wiley and Sons
300 _axi, : 311 : p. : cm. ; 25
999 _c5244
_d5244